00920nam a2200193 a 450000100100000000500170001000800410002702000180006804000250008610000420011124501080015326000450026130000360030650000420034295201110038495201050049595201090060099900170070900003804120201002031149.0130312s2012 dr ac 000 0 spa d a9789945006346 aDO-SdBNPbspacBNPHU1 aSantos Santos, Juan de Jesús96443610aHistoria y genealogía de mi abuelo :bRamón María Santos Santos /cJuan de Jesús Santos Santos. aSanto Domingo :bAmigo del Hogar,c2012. a166 p. :bil., retrs. ;c22 cm. aIncluye notas al pie de las páginas 0010718DSaGRbGRcCTd2013-03-12iLF1l0o p38041-20r2020-06-25te. 3w2020-06-25yLFDSZNo se presta 0010718PDaPDbPDcCTd2013-03-12iLF1l0o p38041-10r2020-06-25w2020-06-25yLFPDZNo se presta 0010718PDaPDbPDcCTd2013-03-12iLF1l0o e. 2p38041-30r2020-06-25w2020-06-25yLFPDZNo se presta c37531d37531